000 00520cam a2200193ua 4500
001 13223
008 160701n II |||gr||||Z||||||eng
020 _a0-8147-5779-0
040 _aMAIN
041 _aEnglish
082 _a820 NAT
100 _aNATHANSON , TENNEY .
245 _aWHITMAN`S PRESENCE : BODY , VOICE AND WRITINGS IN LEAVES OF GRASS
250 _a2ND.
260 _aLONDON:
_bNEW WORK UNIVERSITY PRESS.,
_c1992.
300 _a532:
_c22CM.
653 _aEnglish.& Old English literatures
942 _cBK
999 _c13110
_d13110